Biggest Cities of the Balkans after the Fourth Crusade with a Map - Statistics

General Stats
  • This quiz has been taken 220 times
  • The average score is 26 of 60
Answers on the Map
Answers color-coded by a green-red scale on the quiz's map according to % correct below.
 
Answer Stats
Population Cities % Correct
21,000 Atenes (Athens)
98%
30,000 Constantinople (Istanbul)
97%
80,000 Salonica (Thessaloniki)
94%
6,000 Sredets (Sofia)
94%
14,000 Belgrad (Belgrade)
93%
3,000 Vrhbosna (Sarajevo)
85%
3,000 Skopie (Skopje)
84%
3,000 Spalató (Split)
84%
4,000 Ragusa (Dubrovnik)
82%
3,000 Rhodos (Rhodes)
81%
9,000 Andrinople (Edirne)
80%
5,000 Candia (Heraklion)
80%
9,000 Varna
76%
11,000 Prineople (Plovdiv)
75%
6,000 Durazzo (Durrës)
67%
3,000 Priština (Pristina)
65%
5,000 Corfù (Corfu)
64%
3,000 Zara (Zadar)
60%
4,000 Niš
57%
4,000 Ohrid
57%
3,000 Patrai (Patras)
51%
7,000 Larissa
49%
5,000 Ioannina
47%
8,000 Prizren
45%
3,000 Skadar (Shkodër)
45%
3,000 Avlona (Vlorë)
43%
5,000 Thebai (Thebes)
43%
5,000 Bdin (Vidin)
39%
3,000 Golyamo Yorgovo (Ruse)
39%
4,000 Scio (Chios)
39%
8,000 Tarnovgrad (Veliko Tarnovo)
38%
4,000 Bitolja (Bitola)
33%
5,000 Vereia (Stara Zagora)
31%
4,000 Serrai (Serres)
29%
9,000 Sliven
29%
3,000 Zante (Zakynthos)
27%
3,000 Nauplion (Nafplio)
26%
3,000 Arta
24%
4,000 Drastar (Silistra)
24%
6,000 Šimeonis (Shumen)
24%
4,000 Negroponte (Chalcis)
23%
8,000 Monembasia (Monemvasia)
22%
3,000 Peć (Peja)
22%
3,000 Priljep (Prilep)
22%
4,000 Bellegrada (Berat)
18%
3,000 Mesembria (Nesebar)
18%
3,000 Kostur (Kastoria)
16%
6,000 Myzethras (Mystras)
14%
4,000 Beroia (Veria)
13%
3,000 Dibër (Debar)
13%
5,000 Anhialo (Pomorie)
12%
3,000 Nikopol
12%
3,000 Hrasgrad (Razgrad)
11%
3,000 Lovech
11%
3,000 Velbazhd (Kyustendil)
11%
3,000 Bukar (Bakar)
6%
3,000 Mideia (Kıyıköy)
6%
3,000 Dimotica (Didymoteicho)
5%
5,000 Debeltos (Debelt)
3%
8,000 Messinople (Mosynopolis)
3%
No matching quizzes found
Score Distribution
Percent of People with Each Score
Percentile by Number Answered
Your Score History
You have not taken this quiz